Vinh Long /

Bibliographic Details
Main Author: Meyerson, Harvey
Format: Book
Language:English
Published: Boston : Houghton Mifflin, 1970.
Subjects:

MARC

Tag First Indicator Second Indicator Subfields
LEADER 00000cam a2200000 4500
001 in00001268898
005 20151004050753.0
008 700414s1970 mauab 000 0 eng
010 |a  70091063  
035 |a (OCoLC)00064728 
035 |9 AGW3216AM 
040 |a DLC  |c DLC  |d TXA  |d UtOrBLW 
049 |a TXAM 
050 0 0 |a DS557.A62  |b V5 1970 
082 0 0 |a 959.7/04 
100 1 |a Meyerson, Harvey. 
245 1 0 |a Vinh Long /  |c Harvey Meyerson, with an introd. by Congressman John V. Tunney;illustrated with maps by Adam Nakamura. 
264 1 |a Boston :  |b Houghton Mifflin,  |c 1970. 
300 |a xxiv, 220 pages :  |b illustrations, maps. ;  |c 22 cm. 
336 |a text  |b txt  |2 rdacontent 
337 |a unmediated  |b n  |2 rdamedia 
338 |a volume  |b nc  |2 rdacarrier 
650 0 |a Vietnam War, 1961-1975  |x Campaigns  |z Vietnam  |z Vĩnh Long (Province) 
999 |a MARS 
999 f f |s d2041d14-4235-3601-ad8f-9843b7d76faf  |i ac037d9f-dd70-32b8-8ab4-49e9eef48643  |t 0 
952 f f |p ric  |a Texas A&M University  |b Rellis Campus  |c Joint Library Facility  |d Remote Storage  |t 0  |e DS557.A62 V5 1970  |h Library of Congress classification  |i unmediated -- volume  |m A14819706212 
998 f f |a DS557.A62 V5 1970  |t 0  |l Remote Storage